| 000 | 00398nam a2200145 a 4500 | ||
|---|---|---|---|
| 001 | 36 | ||
| 003 | CDMR | ||
| 005 | 20130628110506.0 | ||
| 008 | 130130s1998||||||||||||||||||||||||||||d | ||
| 040 |
_aCDMR _bcat _cCPC GIRONA |
||
| 100 | 1 |
_aBolinches, Antoni _940 |
|
| 245 | 1 | 0 |
_a1000 pessics de saviesa _bAntologia de citacions que inviten a pensar _cBolinches, Antoni |
| 260 |
_c1998 _bPòrtic |
||
| 942 |
_cMON _2udc |
||
| 999 |
_c36 _d36 |
||